<?xml version="1.0" encoding="UTF-8"?>
<record
    xmlns:xsi="http://www.w3.org/2001/XMLSchema-instance"
    xsi:schemaLocation="http://www.loc.gov/MARC21/slim http://www.loc.gov/standards/marcxml/schema/MARC21slim.xsd"
    xmlns="http://www.loc.gov/MARC21/slim">

  <leader>01585nam2a2200325   4500</leader>
  <controlfield tag="001">RU\NLR\BIBL_A\010843816</controlfield>
  <controlfield tag="005">20250624191833.0</controlfield>
  <datafield tag="010" ind1=" " ind2=" ">
    <subfield code="a">978-5-906101-33-4</subfield>
    <subfield code="z">150</subfield>
  </datafield>
  <datafield tag="021" ind1=" " ind2=" ">
    <subfield code="a">RU</subfield>
    <subfield code="b">2015-59493</subfield>
    <subfield code="9">3518</subfield>
  </datafield>
  <datafield tag="035" ind1=" " ind2=" ">
    <subfield code="a">(NILC)RuMoRGB-007992737</subfield>
  </datafield>
  <datafield tag="035" ind1=" " ind2=" ">
    <subfield code="a">(NLR Aleph) 010843816</subfield>
  </datafield>
  <datafield tag="090" ind1=" " ind2=" ">
    <subfield code="a">10339657</subfield>
    <subfield code="c">10339657</subfield>
  </datafield>
  <datafield tag="100" ind1=" " ind2=" ">
    <subfield code="a">20150917d2015    |||y0rusy50      ca</subfield>
  </datafield>
  <datafield tag="101" ind1="0" ind2=" ">
    <subfield code="a">rus</subfield>
  </datafield>
  <datafield tag="102" ind1=" " ind2=" ">
    <subfield code="a">RU</subfield>
  </datafield>
  <datafield tag="105" ind1=" " ind2=" ">
    <subfield code="a">achbz|||000yd</subfield>
  </datafield>
  <datafield tag="200" ind1="1" ind2=" ">
    <subfield code="a">&#x41A;&#x43D;&#x438;&#x433;&#x430; &#x41F;&#x430;&#x43C;&#x44F;&#x442;&#x438; &#x418;&#x440;&#x431;&#x435;&#x439;&#x441;&#x43A;&#x43E;&#x433;&#x43E; &#x440;&#x430;&#x439;&#x43E;&#x43D;&#x430; [&#x41A;&#x440;&#x430;&#x441;&#x43D;&#x43E;&#x44F;&#x440;&#x441;&#x43A;&#x43E;&#x433;&#x43E; &#x43A;&#x440;&#x430;&#x44F;]</subfield>
    <subfield code="f">&#x441;&#x43E;&#x441;&#x442;.: &#x428;&#x443;&#x43B;&#x44C;&#x446;&#x435;&#x432; &#x412;. &#x412;.</subfield>
  </datafield>
  <datafield tag="210" ind1=" " ind2=" ">
    <subfield code="a">&#x41A;&#x440;&#x430;&#x441;&#x43D;&#x43E;&#x44F;&#x440;&#x441;&#x43A;</subfield>
    <subfield code="c">&#x438;&#x437;&#x434;&#x430;&#x442;&#x435;&#x43B;&#x44C; &#x422;&#x438;&#x442;&#x43E;&#x432; &#x421;&#x435;&#x440;&#x433;&#x435;&#x439; &#x421;&#x435;&#x440;&#x433;&#x435;&#x435;&#x432;&#x438;&#x447;</subfield>
    <subfield code="d">2015</subfield>
  </datafield>
  <datafield tag="215" ind1=" " ind2=" ">
    <subfield code="a">189, [1] &#x441;.</subfield>
    <subfield code="c">&#x438;&#x43B;., &#x446;&#x432;. &#x438;&#x43B;., &#x43F;&#x43E;&#x440;&#x442;&#x440;., &#x444;&#x430;&#x43A;&#x441;., &#x43A;&#x430;&#x440;&#x442;.</subfield>
    <subfield code="d">21</subfield>
  </datafield>
  <datafield tag="320" ind1=" " ind2=" ">
    <subfield code="a">&#x411;&#x438;&#x431;&#x43B;&#x438;&#x43E;&#x433;&#x440;.: &#x441;. 189 (10 &#x43D;&#x430;&#x437;&#x432;.)</subfield>
  </datafield>
  <datafield tag="461" ind1=" " ind2="0">
    <subfield code="1">001RU\NLR\bibl\17201</subfield>
    <subfield code="1">2000#$a&#x41A;&#x43D;&#x438;&#x433;&#x430; &#x41F;&#x430;&#x43C;&#x44F;&#x442;&#x438; &#x41A;&#x440;&#x430;&#x441;&#x43D;&#x43E;&#x44F;&#x440;&#x441;&#x43A;&#x43E;&#x433;&#x43E; &#x43A;&#x440;&#x430;&#x44F;$f&#x41A;&#x440;&#x430;&#x441;&#x43D;&#x43E;&#x44F;&#x440;. &#x43A;&#x440;&#x430;&#x435;&#x432;. &#x430;&#x434;&#x43C;&#x438;&#x43D;&#x438;&#x441;&#x442;&#x440;&#x430;&#x446;&#x438;&#x44F; &#x438; &#x434;&#x440;.$g[&#x420;&#x435;&#x434;&#x43A;&#x43E;&#x43B;.: &#x410;.&#x421;. &#x41F;&#x440;&#x43E;&#x432;&#x43E;&#x440;&#x43E;&#x432; (&#x43F;&#x440;&#x435;&#x434;.) &#x438; &#x434;&#x440;.]$v&#x414;&#x43E;&#x43F;.</subfield>
    <subfield code="9">71877</subfield>
    <subfield code="c">&#x41A;&#x440;&#x430;&#x441;&#x43D;&#x43E;&#x44F;&#x440;&#x441;&#x43A;</subfield>
    <subfield code="d">1996</subfield>
    <subfield code="f">&#x41A;&#x440;&#x430;&#x441;&#x43D;&#x43E;&#x44F;&#x440;. &#x43A;&#x440;&#x430;&#x435;&#x432;. &#x430;&#x434;&#x43C;&#x438;&#x43D;&#x438;&#x441;&#x442;&#x440;&#x430;&#x446;&#x438;&#x44F; &#x438; &#x434;&#x440;.</subfield>
    <subfield code="n">&#x41F;&#x418;&#x41A; "&#x41E;&#x444;&#x441;&#x435;&#x442;"</subfield>
    <subfield code="t">&#x41A;&#x43D;&#x438;&#x433;&#x430; &#x41F;&#x430;&#x43C;&#x44F;&#x442;&#x438; &#x41A;&#x440;&#x430;&#x441;&#x43D;&#x43E;&#x44F;&#x440;&#x441;&#x43A;&#x43E;&#x433;&#x43E; &#x43A;&#x440;&#x430;&#x44F;</subfield>
    <subfield code="v">&#x414;&#x43E;&#x43F;.</subfield>
  </datafield>
  <datafield tag="675" ind1=" " ind2=" ">
    <subfield code="a">355/359</subfield>
  </datafield>
  <datafield tag="702" ind1=" " ind2="1">
    <subfield code="a">&#x428;&#x443;&#x43B;&#x44C;&#x446;&#x435;&#x432;</subfield>
    <subfield code="b">&#x412;. &#x412;.</subfield>
    <subfield code="g">&#x412;&#x43B;&#x430;&#x434;&#x438;&#x43C;&#x438;&#x440; &#x412;&#x43B;&#x430;&#x434;&#x438;&#x43C;&#x438;&#x440;&#x43E;&#x432;&#x438;&#x447;</subfield>
    <subfield code="4">220</subfield>
  </datafield>
  <datafield tag="801" ind1=" " ind2="0">
    <subfield code="a">RU</subfield>
    <subfield code="b">&#x420;&#x413;&#x411;</subfield>
    <subfield code="c">20150807</subfield>
    <subfield code="g">RCR</subfield>
  </datafield>
  <datafield tag="801" ind1=" " ind2="1">
    <subfield code="a">RU</subfield>
    <subfield code="b">&#x420;&#x413;&#x411;</subfield>
    <subfield code="c">20150807</subfield>
    <subfield code="2">rusmarc</subfield>
  </datafield>
  <datafield tag="942" ind1=" " ind2=" ">
    <subfield code="c">BOOK</subfield>
  </datafield>
  <datafield tag="980" ind1=" " ind2=" ">
    <subfield code="a">NB</subfield>
  </datafield>
  <datafield tag="995" ind1=" " ind2=" ">
    <subfield code="5">2015-09-17</subfield>
    <subfield code="a">ad</subfield>
    <subfield code="b">NLR01</subfield>
    <subfield code="c">NLR01</subfield>
    <subfield code="e">CSB</subfield>
    <subfield code="f">1-1108355</subfield>
    <subfield code="k">&#x421; &#x41A;-4/616</subfield>
    <subfield code="o">0</subfield>
    <subfield code="r">BOOK</subfield>
    <subfield code="s">_4616</subfield>
  </datafield>
  <datafield tag="995" ind1=" " ind2=" ">
    <subfield code="5">2015-09-17</subfield>
    <subfield code="a">ad</subfield>
    <subfield code="b">NLR01</subfield>
    <subfield code="c">NLR01</subfield>
    <subfield code="e">CSB</subfield>
    <subfield code="f">1-1108356</subfield>
    <subfield code="k">&#x421; &#x41A;-4/616</subfield>
    <subfield code="o">0</subfield>
    <subfield code="r">BOOK</subfield>
    <subfield code="s">_4616</subfield>
  </datafield>
</record>
